Trabajadoras (es) de la educación superior y reproducciones de género /

El presente artículo da a conocer los resultados de un estudio acerca de la percepción de docentes de la Facultad de Ciencias de la Educación de la Universidad de Playa Ancha (UPLACED) frente a la reproducción de desigualdades de género en la educación superior, durante los años 2004 y 2005. La Univ...

Full description

Bibliographic Details
Main Author: Reyes, Jenny
Format: Analitica de revista
Language:Spanish

MARC

LEADER 00000cab a2200000 a 4500
001 026809
003 UAHC_CL
005 20170803122719.0
008 030131b xx j 000 1 spa
040 |a UAHC_CL  |c UAHC_CL  |d UAHC_CL 
100 1 |a Reyes, Jenny 
245 1 0 |a Trabajadoras (es) de la educación superior y reproducciones de género /  |c Jenny Reyes. 
300 |a p. 397-422 
500 |a En: Calidad de la educación, 2006, no.24, p. 397-422. ISSN 0717-4004. 
500 |a En: Calidad de la educación, 2006, no.24, p. 397-422. ISSN 0717-4004. 
520 |a El presente artículo da a conocer los resultados de un estudio acerca de la percepción de docentes de la Facultad de Ciencias de la Educación de la Universidad de Playa Ancha (UPLACED) frente a la reproducción de desigualdades de género en la educación superior, durante los años 2004 y 2005. La Universidad de Playa Ancha, según hallazgos de este estudio, es un espacio reproductor de las diferencias de género que se traducen en desigualdades, lo cual se refleja en los distintos segmentos de este universo social y cultural. 
520 |a El presente artículo da a conocer los resultados de un estudio acerca de la percepción de docentes de la Facultad de Ciencias de la Educación de la Universidad de Playa Ancha (UPLACED) frente a la reproducción de desigualdades de género en la educación superior, durante los años 2004 y 2005. La Universidad de Playa Ancha, según hallazgos de este estudio, es un espacio reproductor de las diferencias de género que se traducen en desigualdades, lo cual se refleja en los distintos segmentos de este universo social y cultural. 
520 |a El presente artÌculo da a conocer los resultados de un estudio acerca de la percepciÛn de docentes de la Facultad de Ciencias de la EducaciÛn de la Universidad de Playa Ancha (UPLACED) frente a la reproducciÛn de desigualdades de gÈnero en la educaciÛn superior, durante los aÒos 2004 y 2005. La Universidad de Playa Ancha, según hallazgos de este estudio, es un espacio reproductor de las diferencias de gÈnero que se traducen en desigualdades, lo cual se refleja en los distintos segmentos de este universo social y cultural. 
759 |a PP034 
773 0 |t Calidad en la educación.  |w 026760 
900 |a CALID. EDUC. -24/06 
942 |c REVA 
952 |0 0  |1 0  |2 ddc  |4 0  |6 CALID___EDUC__24_06_000000000000000  |7 0  |8 COMP  |9 53711  |a BC  |b BC  |c General  |d 2017-08-03  |l 0  |o CALID. EDUC. -24/06  |r 2018-01-17 00:00:00  |w 2017-08-03  |y REVA 
999 |c 26809  |d 26809